000 00699cam a22002295a 4500
001 12204690
005 20161102132704.0
008 140731t2015 caua fr 001 0 eng d
020 _a9780321951601
020 _a0321951603
082 0 4 _a777.55
_222
_bHOC
100 1 _aHockrow, Ross.
245 1 0 _aOut of order
_bstorytelling techniques for video and cinema editors /
_cRoss Hockrow.
260 _aCalifornia :
_bPeachpit Press,
_cc.2015.
300 _axvi, 222p. :
_bill. ;
_c23 cm.
500 _aIndex : p. 213-222.
590 _aSameh
650 7 _aMotion pictures
_xEditing.
_2BUEsh
_913884
650 7 _aMotion picture authorship.
_2BUEsh
653 _bCOMSCI
_cNovember2016
942 _2ddc
999 _c22955
_d22927